header

The game artist's guide to Maya (Record no. 95570)

MARC details
000 -LEADER
fixed length control field 01238nam a2200337Ia 4500
082 04 - DEWEY DECIMAL CLASSIFICATION NUMBER
Classification number 794.816696
100 1# - MAIN ENTRY--AUTHOR NAME
Personal name McKinley, Michael
245 14 - TITLE STATEMENT
Title The game artist's guide to Maya
260 ## - PUBLICATION, DISTRIBUTION, ETC. (IMPRINT)
Place of publication San Francisco :
Name of publisher SYBEX,
Year of publication c2005.
300 ## - PHYSICAL DESCRIPTION
Number of Pages xiii, 223 p. :
Other physical details ill.
500 ## - GENERAL NOTE
General note Includes index.
650 #0 - SUBJECT ADDED ENTRY--TOPICAL TERM
Topical Term Computer animation.
Topical Term Three-dimensional display systems.
Topical Term Computer games
Topical Term Video games
856 40 - ELECTRONIC LOCATION AND ACCESS
Uniform Resource Identifier http://site.ebrary.com/lib/rucke/Doc?id=10152562

No items available.

© 2026 Rongo University
Contact us: librarian | system librarian | Rongo university